| 000 | 00451nam a22001457a 4500 | ||
|---|---|---|---|
| 082 |
_a297.1225 _bABD _cDonation. |
||
| 100 |
_aAbdul Waheed Khan _99274 |
||
| 245 |
_aقرآنی معلومات _cAbdul Waheed Khan group captan |
||
| 260 |
_aKarachi; _bDHA _cPh.02135894886 |
||
| 300 | _a260p. | ||
| 526 |
_a0 _b0 _c0 _d297_122500000000000_ABD |
||
| 526 |
_a0 _b0 _c0 _d297_122500000000000_ABD |
||
| 526 |
_a0 _b0 _c0 _d297_122500000000000_ABD |
||
| 942 |
_2ddc _cBK |
||
| 999 |
_c553647 _d553647 |
||